Du droit natural a la Sociologie
I tiakina i:
| Kaituhi matua: | |
|---|---|
| Hōputu: | Pukapuka |
| Reo: | Wīwī |
| I whakaputaina: |
París
Spes
1960
|
| Putanga: | 1a. ed |
| Ngā marau: | |
| Ngā Tūtohu: |
Tāpirihia he Tūtohu
Kāore He Tūtohu, Me noho koe te mea tuatahi ki te tūtohu i tēnei pūkete!
|
MARC
| LEADER | 00000cam a2200000 a 4500 | ||
|---|---|---|---|
| 001 | UCE8672 | ||
| 003 | CL-VaPUC | ||
| 008 | 150827e19600000fr |||||||||||||||||fre|d | ||
| 082 | 0 | 4 | |a 301 |b LEC |2 21 |
| 100 | |a Leclercq, Jacques |e author |9 581394 | ||
| 245 | 1 | 0 | |a Du droit natural a la Sociologie |
| 250 | |a 1a. ed | ||
| 300 | |a 159 p | ||
| 942 | |c BK | ||
| 945 | |d 20150827 16:13:00 |a dcastane | ||
| 260 | |a París |b Spes |c 1960 | ||
| 650 | 0 | |a Sociología |9 255410 | |
| 650 | 0 | |a Sociología política |9 255920 | |
| 650 | 0 | |a Escuelas filosóficas |9 266232 | |
| 583 | |a last modification |c 20150827 16:13:00 |k Rodrigo Vera | ||
| 999 | |c 360458 |d 360456 | ||
| 952 | |0 0 |1 0 |3 erb |4 0 |6 301_000000000000000_LEC_1960 |7 0 |8 A |9 470291 |a BIBDER |b BIBDER |e Valenzuela Fuenzalida, Alvaro Miguel, 1932- |i 5203074 |o 301 LEC 1960 |p 5203074 |r 2023-01-25 |w 2019-11-23 |y BK |z Catalogado en:20150827 |k DER | ||